| 000 -CABECERA |
| campo de control de longitud fija |
00916nam a2200241 4500 |
| 005 - FECHA Y HORA DE LA ÚLTIMA TRANSACCIÓN |
| campo de control |
20210603013612.0 |
| 008 - DATOS DE LONGITUD FIJA--INFORMACIÓN GENERAL |
| campo de control de longitud fija |
210603s1998 sp a|||fr|||| 001 0 spa d |
| 020 ## - NÚMERO INTERNACIONAL ESTÁNDAR DEL LIBRO |
| ISBN |
8447519333 |
| 040 ## - FUENTE DE LA CATALOGACIÓN |
| Centro catalogador/agencia de origen |
CENDOC CAAAP |
| Lengua de catalogación |
spa |
| Centro/agencia transcriptor |
CAAAP |
| 041 ## - CÓDIGO DE LENGUA |
| Código de lengua del texto/banda sonora o título independiente |
spa |
| 050 ## - SIGNATURA TOPOGRÁFICA DE LA BIBLIOTECA DEL CONGRESO |
| Número de clasificación |
C F 1403.9 |
| Número de documento/Ítem |
E56 |
| 245 ## - MENCIÓN DE TÍTULO |
| Título |
Lo que duele es el olvido : |
| Subtitulo |
recuperando la memoria de América Latina |
| 250 ## - MENCIÓN DE EDICIÓN |
| Mención de edición |
1ra ed, |
| 260 ## - PUBLICACIÓN, DISTRIBUCIÓN, ETC. |
| Lugar de publicación, distribución, etc. |
Barcelona: |
| Nombre del editor, distribuidor, etc. |
Universitat de Barcelona, |
| Fecha de publicación, distribución, etc. |
1998 |
| 300 ## - DESCRIPCIÓN FÍSICA |
| Extensión |
435 p. |
| 505 ## - NOTA DE CONTENIDO CON FORMATO |
| Nota de contenido con formato |
Contiene : Arqueología y etnohistoria --- El siglo XVII Americano: continuidad o cambio -- Afroamérica: rebeldía y creación -- La construcción del espacio amazónico -- En torno al 98 -- América: enseñanza y pasado. |
| 650 10 - PUNTO DE ACCESO ADICIONAL DE MATERIA--TÉRMINO DE MATERIA |
| 9 (RLIN) |
8 |
| Término de materia o nombre geográfico como elemento de entrada |
Historia |
| 650 20 - PUNTO DE ACCESO ADICIONAL DE MATERIA--TÉRMINO DE MATERIA |
| 9 (RLIN) |
688 |
| Término de materia o nombre geográfico como elemento de entrada |
Etnología |
| 650 20 - PUNTO DE ACCESO ADICIONAL DE MATERIA--TÉRMINO DE MATERIA |
| 9 (RLIN) |
1483 |
| Término de materia o nombre geográfico como elemento de entrada |
Legislación eclesiástica |
| Subdivisión general |
Historia |
| 650 20 - PUNTO DE ACCESO ADICIONAL DE MATERIA--TÉRMINO DE MATERIA |
| 9 (RLIN) |
188 |
| Término de materia o nombre geográfico como elemento de entrada |
Arqueología |
| 651 #0 - PUNTO DE ACCESO ADICIONAL DE MATERIA--NOMBRE GEOGRÁFICO |
| 9 (RLIN) |
73 |
| Nombre geográfico |
América Latina |
| 942 ## - ELEMENTOS PERSONALIZADOS KOHA |
| Fuente del sistema de clasificación o colocación |
|
| Fecha de catalogación |
03 - 06 - 21 |
| Tipo de ítem Koha |
Libros |